00664nam a22001577a 4500003000900000005001700009008004100026040001300067100002900080245006800109250001100177260002700188300001200215490001700227520026200244IT-RoPau20220918181106.0130521b xxu||||| |||| 00| 0 eng d cIT-RoPau aSSP Provincia Brasileira aVida paulina 1994bBoletim informativo da Província do Brasil a1° ed aSão PaulobSSPc1994 c21,5 cm aVida paulina aIndice São Paulo – Março de 1994 – n° 13 São Paulo – Abril de 1994 – n° 14 São Paulo – Maio de 1994 – n° 15 São Paulo – Junho de 1994 – n° 16 São Paulo – Julho de 1994 – n° 17 São Paulo – Agosto de 1994 – n° 18